|
|
|
|
| LEADER |
00000cam a2200000 7i4500 |
| 001 |
0000003263 |
| 005 |
20050819.0 |
| 020 |
0 |
0 |
|a 1844071510
|
| 090 |
0 |
0 |
|a 333.7511
|b PLA
|
| 245 |
1 |
0 |
|a Plantations, privatization, poverty, and power :
|b changing ownership and management of state forests
|c edited by Michael Garforth and James Mayers.
|
| 260 |
0 |
0 |
|a London
|a Sterling, VA :
|b Earthscan ,
|c 2005.
|
| 300 |
|
|
|a xxxiii, 294 p. :
|b ill., maps ;
|c 24 cm.
|
| 440 |
0 |
0 |
|a The Earthscan forestry library
|
| 520 |
|
|
|
| 650 |
0 |
0 |
|a Forest reserves
|x Management.
|
| 650 |
0 |
0 |
|a Tree farms
|x Management.
|
| 700 |
1 |
1 |
|a Garforth, Michael
|
| 700 |
1 |
1 |
|a Mayers, James.
|
| 999 |
|
|
|a 0000006210
|b Monograph
|c Open Shelf
|e Default branch
|